Gaming Quiz

Random Gaming or Pokémon Quiz

Nonexistent Pokemon Type Combinations Quiz Stats

 Plays Quiz not verified by Sporcle

Support Sporcle.
Go Orange.
Score 0/42 Timer 12:00
0 Plays Today
% Correct
Water Fire
70.7%
Grass Fire
69.1%
Normal Ghost
62.4%
Fire Ice
58.7%
Fire Fairy
56.8%
Normal Dragon
56.2%
Normal Dark
56.1%
Dragon Fairy
54.3%
Normal Steel
53.5%
Dark Fairy
53.5%
Rock Normal
52%
Bug Normal
50.8%
Normal Ice
50.6%
Poison Fairy
49.6%
Poison Normal
49.6%
Poison Fire
49.2%
Ghost Fairy
48%
Bug Dragon
48%
Grass Dragon
45.8%
Poison Steel
45.7%
Fighting Fairy
45.4%
% Correct
Rock Electric
45.1%
Ground Fairy
44.7%
Bug Fairy
44.7%
Rock Poison
44.2%
Ice Fairy
43.5%
Bug Ice
43.3%
Psychic Ghost
41.5%
Bug Dark
41.2%
Ghost Fighting
41%
Electric Dark
40.5%
Electric Poison
40%
Psychic Bug
39.7%
Rock Ghost
39.4%
Fighting Dragon
38.6%
Poison Psychic
38.1%
Electric Fighting
37.9%
Electric Psychic
37.5%
Poison Ice
37.1%
Fighting Ice
36%
Steel Ice
35.5%
Ground Fighting
27.9%

You're not logged in!

Compare scores with friends on all Sporcle quizzes.
OR
Log In

From the Vault

Authors' Initials

by Q_Pheevr

Initials are much more literary than an actual first name.
Remove Ads.
Support Sporcle.
Get the best of Sporcle when you Go Orange. This ad-free experience offers more features, more stats, and more fun while also helping to support Sporcle. Thank you for becoming a member.

Show Comments

Extras

Created Feb 15, 2011ReportNominate
Tags:Pokémon Quiz, combination

Top Quizzes Today


Score Distribution

Your Account Isn't Verified!

In order to create a playlist on Sporcle, you need to verify the email address you used during registration. Go to your Sporcle Settings to finish the process.

Report this User

Report this user for behavior that violates our Community Guidelines.

Details: